000 00321nam a2200109Ia 4500
008 220204s9999 xx 000 0 und d
082 _a331:66.067(540)
_bREP;2
245 0 _aReport of the study group for oil refining and distribution
260 _aDelhi
_bNatl commn on labour
_c1968
650 _aOil refining
942 _cBK
999 _c22068
_d22068